000
00286nam a22001097a 4500
082
_a
425 USE'T
100
_a
READER'S DIGEST
_9
26775
245
_a
USE THE RIGHT WORD MODERN GUIDE TO SYNONYMS AND RELATED WORDS
260
_a
LONDON
_b
READER'S DIGEST
_c
1969
300
_a
725P
942
_c
BK
999
_c
582999
_d
582999